[Event "Metropolitan Qual 22nd"]
[Site "Los Angeles"]
[Date "2012.08.04"]
[Round "2"]
[White "Rozenblatt, Daniel"]
[Black "Korba, Nicky"]
[Result "1-0"]
[WhiteElo "1888"]
[BlackElo "1981"]
[PlyCount "46"]
[EventDate "2012.08.03"]
[EventType "swiss"]
[EventRounds "5"]
[EventCountry "USA"]
[SourceTitle "EXT 2014"]
[Source "ChessBase"]
[SourceDate "2013.11.20"]
[SourceVersion "1"]
[SourceVersionDate "2013.11.20"]
[SourceQuality "1"]

1. d4 Nf6 2. c4 c5 3. d5 e6 4. Nc3 exd5 5. cxd5 d6 6. e4 g6 7. h3 Bg7 8. Nf3 a6 9. a4 Nbd7 10. Bd3 Nh5 11. Be2 0-0 12. 0-0 Re8 13. Qc2 Ne5 14. Nxe5 Bxe5 15. Bxh5 gxh5 16. Be3 Kh8 17. f4 Bg7 18. Rae1 Rg8 19. Rf3 Bf6 20. Kh1 Qf8 21. Qf2 Qg7 22. Qc2 Bd7 23. e5 Bh4 1-0

[Event "Metropolitan Qual 22nd"]
[Site "Los Angeles"]
[Date "2012.08.03"]
[Round "1"]
[White "Nita, Marian Nick"]
[Black "Rozenblatt, Daniel"]
[Result "1-0"]
[WhiteElo "2094"]
[BlackElo "1888"]
[PlyCount "65"]
[EventDate "2012.08.03"]
[EventType "swiss"]
[EventRounds "5"]
[EventCountry "USA"]
[SourceTitle "EXT 2014"]
[Source "ChessBase"]
[SourceDate "2013.11.20"]
[SourceVersion "1"]
[SourceVersionDate "2013.11.20"]
[SourceQuality "1"]

1. d4 d5 2. c4 e6 3. Nc3 Nf6 4. Nf3 Nbd7 5. e3 c5 6. Bd3 dxc4 7. Bxc4 Nb6 8. Bb3 cxd4 9. exd4 Be7 10. 0-0 0-0 11. Bf4 Nfd5 12. Be5 Bd7 13. Re1 Bc6 14. a3 Bd6 15. Ne4 Bxe5 16. Nxe5 Rc8 17. Rc1 Qe7 18. Nxc6 bxc6 19. Qh5 Nf6 20. Qg5 Rc7 21. Nc5 Nbd5 22. Ba4 Nb6 23. Bc2 Qd6 24. Rcd1 Nbd7 25. b4 Qd5 26. Qg3 Rcc8 27. Bb3 Qh5 28. Nxd7 Nxd7 29. Re4 Rfd8 30. Rg4 g6 31. Rg5 Qh6 32. Ra5 Ra8 33. Qc7 1-0

[Event "Villa Martelli Pro Am op 17th"]
[Site "Villa Martelli"]
[Date "2010.10.11"]
[Round "1"]
[White "Pina, Ulises"]
[Black "Rozenblatt, Daniel"]
[Result "1-0"]
[WhiteElo "2302"]
[BlackElo "1887"]
[PlyCount "73"]
[EventDate "2010.10.10"]
[EventType "swiss"]
[EventRounds "9"]
[EventCountry "ARG"]
[SourceTitle "CBM 138 Extra"]
[Source "ChessBase"]
[SourceDate "2010.10.29"]
[SourceVersion "1"]
[SourceVersionDate "2010.10.29"]
[SourceQuality "1"]

1. e4 e6 2. Nc3 d5 3. Nf3 c5 4. exd5 exd5 5. Bb5+ Bd7 6. Qe2+ Be7 7. Nxd5 Nc6 8. 0-0 a6 9. Bxc6 Bxc6 10. Nxe7 Qxe7 11. Re1 Qxe2 12. Rxe2+ Ne7 13. b3 Bxf3 14. gxf3 Kd7 15. Ba3 b6 16. d4 Nf5 17. dxc5 b5 18. Re5 g6 19. Bb2 Rhd8 20. Bc3 Kc6 21. Ba5 Rd7 22. Kg2 h5 23. Rc1 Re7 24. Rxe7 Nxe7 25. c4 Nf5 26. cxb5+ axb5 27. b4 Ra7 28. Rd1 Rd7 29. Rxd7 Kxd7 30. f4 Nd4 31. Kg3 Ke6 32. f3 Nc6 33. Kf2 Kd5 34. f5 Nxa5 35. bxa5 Kxc5 36. fxg6 fxg6 37. Ke3 1-0